Visualizzazione normale
Vista MARC
- Filosofi di lingua tedesca posteriori al 1920
di Genre/Form Term
Records bibliografici associati: 9
001 - CONTROL NUMBER
- control field: 57651
003 - CONTROL NUMBER IDENTIFIER
- control field:
005 - DATE AND TIME OF LATEST TRANSACTION
- control field: 20190321155818.0
008 - FIXED-LENGTH DATA ELEMENTS
- fixed length control field: 190321|| aca||aabn | a|a d
040 ## - CATALOGING SOURCE
- Original cataloging agency:
- Transcribing agency:
155 ## - HEADING--GENRE/FORM TERM
- Genre/form term: Filosofi di lingua tedesca posteriori al 1920
- General subdivision: Heidegger Martin, 1889-1976.
670 ## - SOURCE DATA FOUND
- Source citation: Work cat.: ()0: Heidegger e san Paolo :, ©2008.